Haz clic en las provincias españolas en un mapa - Estadísticas

Estadísticas generales
  • Esta prueba ha sido intentada 11.787 veces
  • La puntuación promedio es 35 de 50
Respuestas en el mapa
Las respuestas están codificadas por una escala verde-roja en el mapa de la prueba según el % correcto abajo.
 
Estadísticas de respuestas
Respuesta % Correcto
Madrid
84%
Illes Balears
83%
Asturias
79%
Valencia
79%
Barcelona
78%
Cádiz
78%
Murcia
78%
A Coruña
76%
Cantabria
76%
Zaragoza
75%
Alacant / Alicante
74%
Las Palmas
74%
Badajoz
73%
Navarra
73%
Santa Cruz de Tenerife
73%
Cáceres
72%
Castellón
72%
Girona
72%
La Rioja
72%
Sevilla
72%
Tarragona
72%
Almería
71%
Huelva
71%
Granada
70%
Lugo
70%
Málaga
70%
Toledo
70%
Huesca
69%
Lleida
69%
Jaén
68%
Albacete
67%
Bizkaia
67%
Teruel
67%
Córdoba
66%
Cuenca
66%
León
66%
Gipuzkoa
65%
Ourense
65%
Ciudad Real
64%
Burgos
63%
Guadalajara
63%
Valladolid
63%
Araba / Álava
62%
Palencia
62%
Pontevedra
62%
Zamora
60%
Salamanca
59%
Segovia
59%
Soria
57%
Ávila
53%
No se encontraron pruebas coincidentes
Distribución de puntuación
Porcentaje de gente con cada puntuación
Porcentaje por número respondido
Historial de tus puntuaciones
No has intentado esta prueba.